The Principles of Beautiful Web Design (Record no. 1938)

000 -LEADER
fixed length control field 00484nam a22001817a 4500
003 - CONTROL NUMBER IDENTIFIER
control field OSt
005 - DATE AND TIME OF LATEST TRANSACTION
control field 20150810160511.0
008 - FIXED-LENGTH DATA ELEMENTS--GENERAL INFORMATION
fixed length control field 150810b xxu||||| |||| 00| 0 eng d
020 ## - INTERNATIONAL STANDARD BOOK NUMBER
International Standard Book Number 9780975841969
050 ## - LIBRARY OF CONGRESS CALL NUMBER
Classification number TK5105.B435 2007
100 ## - MAIN ENTRY--PERSONAL NAME
Personal name Beaird, Jason
245 ## - TITLE STATEMENT
Title The Principles of Beautiful Web Design
Statement of responsibility, etc Jason Beaird
260 ## - PUBLICATION, DISTRIBUTION, ETC. (IMPRINT)
Place of publication, distribution, etc Australia
Name of publisher, distributor, etc Sitepoint Pty. LTD
Date of publication, distribution, etc 2007
300 ## - PHYSICAL DESCRIPTION
Extent xii, 168p.
Other physical details ill.
650 ## - SUBJECT ADDED ENTRY--TOPICAL TERM
Topical term or geographic name as entry element Web Deisgn
650 ## - SUBJECT ADDED ENTRY--TOPICAL TERM
Topical term or geographic name as entry element Designing Websites
942 ## - ADDED ENTRY ELEMENTS (KOHA)
Source of classification or shelving scheme
Koha item type Book
Holdings
Withdrawn status Lost status Source of classification or shelving scheme Damaged status Not for loan Home library Current library Shelving location Date acquired Total Checkouts Full call number Barcode Date last seen Copy number Price effective from Koha item type Date checked out
          Riara University Library Riara University Library General stack 10/08/2015   TK5105.B435 2007 6521/15 10/08/2015 C.1 10/08/2015 Book  
          Riara University Library Riara University Library General stack 10/08/2015 1 TK5105.B435 2007 6522/15 30/07/2025 C.2 10/08/2015 Book 15/07/2025
          Riara University Library Riara University Library General stack 10/08/2015   TK5105.B435 2007 6523/15 10/08/2015 C.3 10/08/2015 Book  

Riara University Library,
P.O. Box 49940-00100,
Nairobi, Kenya.